| 000 | 00469nam a2200169 i 4500 | ||
|---|---|---|---|
| 001 | 65212 | ||
| 003 | ES-MaACL | ||
| 005 | 20250819063044.0 | ||
| 007 | t| | ||
| 008 | 040109m19341935fr ||||1| fre d | ||
| 100 | 0 |
_aFrazer, James George, _cSir, _d1854-1941 _952400 |
|
| 245 | 1 | 3 |
_aLa crainte des morts / _cJames Frazer. |
| 260 |
_aParis : _bEmile Nourry, _c1934-35. |
||
| 300 |
_a2 v. ; _c23 cm. |
||
| 852 |
_aES-MaACL _jA-3652-53 |
||
| 999 |
_c65212 _d65212 |
||